000 00354nam a2200133Ia 4500
005 20260328101523.0
008 260328s9999||||xx |||||||||||||| ||und||
100 _aSánchez Vidiella, Álex
245 0 _aAtlas de Arquitectura Contemporánea /
_cÁlex Sánchez Vidiella
260 _bLoft
300 _a719 p.
650 _aARQUITECTURA CIVIL
942 _cBK
999 _c9695
_d9695